000 00274nam a22001217a 4500
008 170719b xxu||||| |||| 00| 0 eng d
041 _aeng
080 _a2
100 _a24
101 _aTEO
245 _aRELIGION AND THE RISE OF CAPITALISM
_cTAWNEY, R.H
942 _2udc
_cBK
999 _c21511
_d21511